000 00741nam a2200253Ia 4500
003 OSt
005 20220927110500.0
006 a|||||r|||| 00| 0
007 ta
008 220926b |||||||| |||| 00| 0 eng d
024 _a77769
037 _cReports
040 _aRTL
_cRTL
_beng
041 _2eng
_aeng
082 _a"X9:8DD1.2.N6t, K0/GD"
110 _a"Indai, Labour and Employment (Ministryof-)"
_9378710
245 0 _aReplacement cost in industry
260 _aNew
_bDelhi The Author India
_c1965
300 _a90p.
_ccm.
650 _aFinance
700 _a"Indai, Labour and Employment (Ministryof-)"
_9378711
942 _h"X9:8DD1.2.N6t, K0/GD"
_cCC
999 _c696961
_d696961